000 00726cam a22002291 4500
001 g 01000111
003 DLC
005 20260227111250.0
008 940420s1898 gw 000 0 ger
010 _ag 01000111
035 _a(OCoLC)30305923
040 _aDLC
_cCU
_dCU
_dOCoLC
_dDLC
042 _apremarc
050 0 0 _aPC2873.B5
_bS5
100 2 _aSeydlitz-Kurzbach, Hans von,
_d1866-
245 0 4 _aDie sprache der altfranzösischen liederhandschrift nr. 389 der Stadtbibliothek zu Bern ...
260 _aHalle a. S.,
_bDruck von E. Karras,
_c1898.
300 _a1 p. l., 88, [2] p.
_c22 cm.
410 2 0 _aUniversität Heidelberg.
_tDissertationen.
_vv. 42, no. 8
502 _aInaug.-diss.--Halle.
500 _aVita.
999 _c23399
_d23399